000 00725nam a2200289Ia 4500
005 20260324145004.0
008 008 260324s9999 xx 000 0 eng d
020 _a9780203710487
037 _aEBOOK
040 _aCRL
040 _beng
040 _cCRL
041 _2eng
041 _aeng
084 _qCRL
100 _aA.A. Lakner; R.T. Anderson
_91221352
245 0 _aReliability Engineering for Nuclear and Other High Technology Systems (1985)
245 2 _bA practical guide
260 _bTaylor and Francis
260 _c1985
365 _a
365 _b525
856 _uhttp://www.taylorfrancis.com/books/9780203710487
942 _cEBOOK
999 _c1828649
_d1828649